Städte mit "T" - Statistiken

Allgemein
  • Dieses Quiz wurde 73 mal gespielt
  • Das Durchschnittsergebnis liegt bei 15 aus 45
Antwortstatistiken
Land Stadt % Korrekt
Albanien 🇦🇱 Tirana
95%
Tunesien 🇹🇳 Tunis
82%
Iran 🇮🇷 Teheran
77%
Estland 🇪🇪 Tallinn
75%
Kanada 🍁 Toronto
75%
Japan 🇯🇵 Tokio
72%
Frankreich 🇫🇷 Toulouse
72%
Taiwan 🇹🇼 Taipeh
70%
Georgien 🇬🇪 Tiflis
70%
Deutschland 🇩🇪 Trier
67%
Israel 🇮🇱 Tel Aviv - Jaffa
65%
Italien 🇮🇹 Turin
65%
Griechenland 🇬🇷 Thessaloniki
62%
Libyen 🇱🇾 Tripolis
58%
Deutschland 🇩🇪 Tübingen
43%
Usbekistan 🇺🇿 Taschkent
42%
Honduras 🇭🇳 Tegucigalpa
40%
Italien 🇮🇹 Triest
38%
Bhutan 🇧🇹 Thimphu
35%
Finnland 🇫🇮 Turku
33%
Italien 🇮🇹 Trient
32%
Finnland 🇫🇮 Tampere
27%
Italien 🇮🇹 Tarent
23%
Spanien 🇪🇸 Toledo
20%
Frankreich 🇫🇷 Toulon
20%
Deutschland 🇩🇪 Tauberbischofsheim
18%
China 🇨🇳 Tianjin
17%
Russland 🇷🇺 Tomsk
15%
Türkei 🇹🇷 Trabzon
10%
USA 🇺🇸 Tampa
8%
Estland 🇪🇪 Tartu
8%
Deutschland 🇩🇪 Torgau
8%
Deutschland 🇩🇪 Teltow
7%
Australien 🌏 Townsville
5%
China 🇨🇳 Taiyuan
2%
Deutschland 🇩🇪 Taucha
2%
Russland 🇷🇺 Twer
2%
China 🇨🇳 Taian
0%
China 🇨🇳 Taizhou
0%
China 🇨🇳 Tangshan
0%
England 🏴󠁧󠁢󠁥󠁮󠁧󠁿 Telford
0%
Polen 🇵🇱 Teschen
0%
Polen 🇵🇱 Thorn
0%
Indien 🇮🇳 Thrissur
0%
Indien 🇮🇳 Tiruppur
0%
Keine übereinstimmenden Quizze gefunden
Verteilung der Resultate
Anzahl Personen mit jedem Resultat
Perzentil nach korrekt beantworteten Fragen
Ihre Resultats-Entwicklung
Sie haben dieses Quiz noch nicht gespielt